1036 1382 1738 1114 1004 1414 1147 1618 1101 1195 1845 1822 1838 1224 1232 1501 1478 1916 1214 1487 1699 1332 1467 1973 1313 1885 1362 1091 1228 1716 1544 1729 1101 1236 1675 1535 1625 1220 1818 1661 1361 1288 1251 1923 1695 1940 1856 1259 1313 1272 1219 1362 1674 1938 1775 1622 1143 1859 1289 1874 1419 1222 1482 1231 1978 1784 1310 1042 1727 1475 1578 1637 1006 1115 1276 1279 1803 1969 1984 1079 1703 1158 1008 1997 1180 1236 1567 1479 1368 1869 1583 1339 1650 1670 1507 1594 1612 1222 1954 BCNSPRNW ULIB Ver.6.0+V

เปลี่ยนเป็นภาษาไทย

Change to English
 แสดงรายละเอียดบรรณานุกรม
  กลับหน้าหลัก

Brief Record : Get Marc (ISO 2709) : E-mail record : QR code < ปิดหน้าต่าง
LEADER : 00000nam 2200000uu 4500
001    13399113136
003     ULIB
008    110927s2550||||th 000 0 tha d
020    9789747008531
050 04 Q158.5^bP111 2550
100 1  โทลา, โจเซ่
245 10 นิเวศวิทยา =^bEssential atlas of ecology /^cJose Tola ; กฤตยา รามโกมุท, แปล
246 31 Essential atlas of ecology
250    พิมพ์ครั้งที่ 1
260    กรุงเทพฯ :^bชมรมเด็ก,^c2550
300    96 หน้า :^bภาพประกอบ
650  7 นิเวศวิทยา^xแผนที่
700 00 กฤตยา รามโกมุท,^eผู้แปล
945    ^p300^l0^i026586
995    ทศพร
999 ^a ทศพร
รายการนี้ยังไม่มีแท็ก
คุณยังไม่ได้ล็อกอิน คุณสามารถมีกิจกรรมร่วมกับเว็บไซต์ได้ แต่ต้องล็อกอินก่อน ::
  ล็อกอิน

รายการสื่อสารสนเทศ

ลำดับที่ ประเภท เลขเรียก/บาร์โค้ด สถานที่ สถานะ
- ไม่พบข้อมูล -

รายการใกล้เคียง
    ผู้แต่ง [โทลา, โจเซ่]

BibComment


ยังไม่เคยถูกคอมเมนท์

คอมเมนท์ทรัพยากรรายการนี้
  คอมเมนท์: นิเวศวิทยา Essen..


 Copyright 2026. Bcnsprnw @Library